000 00234nam a2200097Ia 4500
001 749683
005 20250826164439.0
008 250824s9999 xx 000 0 und d
245 0 _aMESLEKLER-BOYACI
_cANONİM
260 _bKARATAY YAYINLARI
999 _c749683
_d749683